000 00505cam a2200169 4500500
005 20260329004105.0
041 _afre
042 _adc
100 1 0 _aGoron, Gaëtan
_eauthor
245 0 0 _aMots croisés #42
260 _c2018.
500 _a76
690 _aGaëtan Goron
690 _aMots croisés
786 0 _nPhilosophie magazine | 120 | 6 | 2018-06-01 | p. 68-68 | 1951-1787
856 4 1 _uhttps://shs.cairn.info/magazine-philosophie-magazine-2018-6-page-68?lang=fr&redirect-ssocas=7080
999 _c1830558
_d1830558